The economics of sustainability /

Bibliographic Details
Other Authors: Pezzey, John, 1953-, Toman, Michael A.
Format: Book
Language:English
Published: Aldershot, England ; Burlington, VT : Ashgate/Dartmouth, [2002]
Series:International library of environmental economics and policy.
Subjects:

MARC

Tag First Indicator Second Indicator Subfields
LEADER 00000cam a22000004a 4500
001 in00001602921
005 20151023052840.0
008 001005s2002 enka b 001 0 eng
010 |a  00050269  
015 |a GBA1-X3765 
019 |a 47118585  |a 50215607 
020 |a 0754621774 
035 |a (OCoLC)ocm45137628 
040 |a DLC  |c DLC  |d UKM  |d J2H  |d C#P  |d TXA  |d UtOrBLW 
042 |a pcc 
049 |a TXAM 
050 0 0 |a HC79.E5  |b E2834 2002 
082 0 0 |a 338.9/27  |2 21 
245 0 4 |a The economics of sustainability /  |c edited by John C.V. Pezzey and Michael A. Toman. 
264 1 |a Aldershot, England ;  |a Burlington, VT :  |b Ashgate/Dartmouth,  |c [2002] 
264 4 |c ©2002 
300 |a xxxii, 391 pages :  |b illustrations ;  |c 26 cm. 
336 |a text  |b txt  |2 rdacontent 
337 |a unmediated  |b n  |2 rdamedia 
338 |a volume  |b nc  |2 rdacarrier 
490 1 |a International library of environmental economics and policy 
504 |a Includes bibliographical references and index. 
505 0 |a The optimal depletion of exhaustible resources / Partha Dasgupta and Geoffrey Heal -- Growth with exhaustible natural resources : efficient and optimal growth paths / Joseph Stiglitz -- Intergenerational equity and exhaustible resources / R.M. Solow -- Intergenerational equity and the investing of rents from exhaustible resources / John M. Hartwick -- On the intergenerational allocation of natural resources / Robert M. Solow -- Hartwick's Rule in open economies / Geir B. Asheim -- The concept of sustainable economic development / Edward B. Barbier -- Toward some operational principles of sustainable development / Herman E. Daly -- Sustainability : an interdisciplinary guide / John Pezzey -- Economics and "sustainability" : balancing trade-offs and imperatives / Michael A. Toman -- "Sustainable development" : is it a useful concept? / Wilfred Beckerman -- Intergenerational resource rights, efficiency, and social optimality / Richard B. Howarth and Richard B. Norgaard -- Environmental valuation under sustainable development / Richard B. Howarth and Richard B. Norgaard -- Towards an ecological economics of sustainability / Mick Common and Charles Perrings -- Capital theory and the measurement of sustainable development : an indicator of "weak" sustainability / David W. Pearce and Giles D. Atkinson -- Net national product as an indicator of sustainability / Geir B. Asheim -- On the problem of achieving efficiency and equity, intergenerationally / Talbot Page -- Sustainability constraints versus "optimality" versus intertemporal concern, and axioms versus data / John C.V. Pezzey -- An axiomatic approach to sustainable development / Graciela Chichilnisky -- On sustainability and intergenerational transfers with a renewable resource / Jeffrey A. Krautkraemer and Raymond G. Batina -- Sustainability and technical progress / Martin L. Weitzman -- International trade and the sustainability footprint : a practical criterion for its assessment / John L.R. Proops ... [et al.] -- Measuring sustainability : a time series of alternative indicators for Scotland / Nick Hanley ... [et al.]. 
650 0 |a Sustainable development. 
700 1 |a Pezzey, John,  |d 1953- 
700 1 |a Toman, Michael A. 
830 0 |a International library of environmental economics and policy. 
948 |a cataloged  |b h  |c 2002/9/25  |d c  |e ceaton  |f 1:13:27 pm 
994 |a E0  |b TXA 
999 |a MARS 
999 f f |s dc21a7c4-8842-35ef-b46d-0a6af909655b  |i d458a0db-0bad-3e48-b3d2-12f652c750b2  |t 0 
952 f f |p ric  |a Texas A&M University  |b Rellis Campus  |c Joint Library Facility  |d Remote Storage  |t 0  |e HC79.E5 E2834 2002  |h Library of Congress classification  |i unmediated -- volume  |m A14829144179 
998 f f |a HC79.E5 E2834 2002  |t 0  |l Remote Storage